Report writing and proofs of evidence (Record no. 105252)
[ view plain ]
| 000 -LEADER | |
|---|---|
| fixed length control field | 00832cam a2200193 4500 |
| 001 - CONTROL NUMBER | |
| control field | ##L132831 |
| 008 - FIXED-LENGTH DATA ELEMENTS--GENERAL INFORMATION | |
| fixed length control field | 060310n1951 000 0 eng u |
| 035 ## - SYSTEM CONTROL NUMBER | |
| System control number | (Sirsi) u132831 |
| 041 0# - LANGUAGE CODE | |
| Language code of text/sound track or separate title | eng |
| 050 04 - LIBRARY OF CONGRESS CALL NUMBER | |
| Classification number | 808.066 $2 18 |
| 100 1# - MAIN ENTRY--PERSONAL NAME | |
| Personal name | Wilks, H. Mark |
| 245 00 - TITLE STATEMENT | |
| Title | Report writing and proofs of evidence |
| 260 ## - PUBLICATION, DISTRIBUTION, ETC. | |
| Place of publication, distribution, etc. | London |
| Name of publisher, distributor, etc. | The Estates Gazette Ltd |
| Date of publication, distribution, etc. | 1951 |
| 300 ## - PHYSICAL DESCRIPTION | |
| Extent | vii, 124p $2 2cm |
| 505 2# - FORMATTED CONTENTS NOTE | |
| Formatted contents note | Form and style -- Preparation and inspection -- Form of simple reports -- Residential properties and offices -- Special properties -- Agricultural properties -- Liability -- Proofs of evidence. |
| 520 ## - SUMMARY, ETC. | |
| Summary, etc. | A practical guide for the surveyor on how to write reports or proofs of evidence for various types of property. |
| 690 ## - LOCAL SUBJECT ADDED ENTRY--TOPICAL TERM (OCLC, RLIN) | |
| Topical term or geographic name as entry element | MANAGEMENT-BUSINESS MANAGEMENT-COMMUNICATION-WRITTEN COMMUNICATION SKILLS |
| 942 ## - ADDED ENTRY ELEMENTS (KOHA) | |
| Suppress in OPAC | 0 |
| Withdrawn status | Lost status | Source of classification or shelving scheme | Damaged status | Not for loan | Home library | Current library | Shelving location | Date acquired | Total Checkouts | Full call number | Barcode | Date last seen | Copy number | Price effective from | Koha item type |
|---|---|---|---|---|---|---|---|---|---|---|---|---|---|---|---|
| Dewey Decimal Classification | London | London | Basement | 10/03/2006 | SHELF 205 | 30071828 | 06/08/2019 | 1 | 06/08/2019 | Reference material |